000 00424pab a2200157 454500
008 180718b2011 xxu||||| |||| 00| 0 eng d
100 _aGhosh, Apoorva
245 _aPower distance in organizational contexts - A review of collectivist cultures
260 _c2011
300 _ap.89-101.
362 _aJul
650 _aOrganizations
773 _aIndian Journal of Industrial Relations
908 _aN
909 _a93336
999 _c93336
_d93336